00634nam a2200181 a 4500008004100000020001500041050001500056100001900071245004100090246011900131260005900250300002000309350000900329500002700338650004500365650001100410650003100421120416s1993 ||||||||||||||||| || u a9976601891 aHB 615 Gra aGran, Thorvald10aAid and entrepreneurship in Tanzania athe Norwegian Development Agency's contribution to entrepreneurial mobilization in the public sector in Tanzania / aDar es Salaam :bDar es Salaam University Pressc1993. axi, 154 p. ill. a0.00 aIncludes bibliography. aECONOMIC ASSISTANCE, NORWEGIAN--TANZANIA aNORWAY aENTREPRENEURSHIP--TANZANIA